Statystyki dla Rozpoznaj zagraniczną piosenkę po polsku #5

Kliknij tutaj aby rozwiązać quiz!

Ogólne statystyki

  • Ten quiz został rozwiązany 117 razy
  • Średni wynik to 6 z 16

Statystyki odpowiedzi

Tekst przetłumaczony na polskiArtystaTytuł utworu% Poprawnych
| Bon Jovi - It's My LifeTytułIt's My Life
89%
To jest moje życie. To teraz albo nigdy Nie zamierzam żyć wiecznie. Chcę tylko żyć póki żyję. Moje serce jest jak otwarta autostrada Jak powiedział Frankie Zrobiłem to po swojemu. Chcę tylko żyć póki żyję. To jest moje życie.ArtystaBon Jovi
73%
| Coolio - Gangsta's Paradise feat. L.V.TytułGangsta's Paradise
66%
| Cyndi Lauper - Time After TimeTytułTime After Time
46%
Powiedz mi, dlaczego jesteśmy tacy ślepi, żeby zobaczyć. Że to ten, którego skrzywdziliśmy, to ty i ja. Spędzili większość swojego życia, żyjąc w raju gangsterów. Spędzili większość swojego życia, żyjąc w raju gangsterów.ArtystaCoolio ft. L.V.
44%
Nie daj się nabrać na skały, które mam. Wciąż jestem, wciąż jestem Jenny z bloku. Kiedyś miałem trochę, teraz mam dużo Nieważne dokąd pójdę, wiem skąd pochodzę (z Bronksu!).ArtystaJennifer Lopez
39%
| Jennifer Lopez - Jenny from the BlockTytułJenny from the Block
39%
| Alicia Keys - No OneTytułNo One
33%
| Michael Jackson - Beat ItTytułBeat It
31%
Po prostu uderzaj, uderzaj, uderzaj, uderzaj... Nikt nie chce zostać pokonany Pokazując jak zabawna i silna jest twoja walka. Nie ma znaczenia, kto jest zły, a kto dobry. Po prostu walnij to, walnij to Po prostu walnij to, walnij toArtystaMichael Jackson
31%
Nikt, nikt, nikt Może przeszkadzać w tym, co czuję. Nikt, nikt, nikt Może przeszkodzić w tym, co do ciebie czuję, ciebie, ciebie... Może przeszkodzić w tym, co do ciebie czuję.ArtystaAlicia Keys
28%
Jeśli się zgubisz, możesz szukać i znajdziesz mnie. Czas po czasie Jeśli upadniesz, złapię cię, będę czekał Czas po czasie Jeśli się zgubisz, możesz szukać i znajdziesz mnie Czas po czasie Jeśli upadniesz, złapię cię, będę czekał Czas po czasieArtystaCyndi Lauper
27%
Obudzić się Chwyć za pędzel i nałóż trochę (makijażu) Ukryć blizny, aby zatrzeć (wstrząsnąć) Dlaczego zostawiłeś klucze na stole? Chciałeś... Dlaczego zostawiłeś klucze na stole? Chciałeś... Chyba nie ufasz W, moim, samobójczym samobójstwie Ja, płaczę, gdy aniołowie zasługują na to, by umrzeć.ArtystaSystem Of A Down
24%
| System Of A Down - Chop SueyTytułChop Suey
22%
A wszystkie drogi, którymi musimy iść, są kręte. A wszystkie światła, które nas tam prowadzą, są oślepiające. Jest wiele rzeczy, które ja Chciałbym ci powiedzieć, ale nie wiem jak Bo może to ty będziesz tym, który mnie uratuje. I w końcu jesteś moim cudem. Powiedziałem, że może to ty będziesz tym, który mnie uratuje. I w końcu jesteś moim cudem.ArtystaOasis
15%
| OasisTytułWonderwall
15%

Rozkład punktacji

Percentyl według liczby udzielonych odpowiedzi

Procent ludzi z każdym wynikiem

Twoja historia wyników

Nie rozwiązałeś tego quizu